[Event "TUR Cup"]
[Site "Antalya"]
[Date "2020.01.30"]
[Round "7"]
[White "Gunebakan, Yunus Emre"]
[Black "Pek, Efe Can"]
[Result "1/2-1/2"]
[WhiteElo "1402"]
[BlackElo "1602"]
[PlyCount "79"]
[EventDate "2020.01.26"]
[EventType "swiss"]
[EventRounds "11"]
[EventCountry "TUR"]
[SourceTitle "CBM 194 Extra"]
[Source "ChessBase"]
[SourceDate "2020.03.31"]
[SourceVersion "1"]
[SourceVersionDate "2020.03.31"]
[SourceQuality "1"]

1. e4 e5 2. Nf3 Nf6 3. d4 Nxe4 4. Bd3 d5 5. Nxe5 Be7 6. 0-0 0-0 7. Nd2 Nxd2 8. Bxd2 Nd7 9. Nxd7 Qxd7 10. Re1 Bf6 11. c3 Qd6 12. Qh5 g6 13. Qf3 Bg7 14. Bf4 Qd8 15. Be5 Be6 16. Bxg7 Kxg7 17. Re5 b6 18. Rc1 Qd6 19. h4 f6 20. Re3 Rae8 21. h5 Bf7 22. hxg6 Rxe3 23. Qxe3 Re8 24. Qd2 hxg6 25. g3 c5 26. Re1 Rxe1+ 27. Qxe1 Qd7 28. Qd1 Be6 29. Be2 Bf5 30. Bd3 c4 31. Bxf5 Qxf5 32. Kg2 Kf7 33. Qa4 a5 34. Qc6 Qe4+ 35. Kh2 Qe6 36. Qxe6+ Kxe6 37. Kh3 Kf5 38. f3 Kg5 39. Kg2 a4 40. Kf2 1/2-1/2

[Event "TUR Cup"]
[Site "Antalya"]
[Date "2020.01.29"]
[Round "6"]
[White "Pek, Efe Can"]
[Black "Karakaya, Mehmet"]
[Result "0-1"]
[WhiteElo "1602"]
[BlackElo "1367"]
[PlyCount "71"]
[EventDate "2020.01.26"]
[EventType "swiss"]
[EventRounds "11"]
[EventCountry "TUR"]
[SourceTitle "CBM 194 Extra"]
[Source "ChessBase"]
[SourceDate "2020.03.31"]
[SourceVersion "1"]
[SourceVersionDate "2020.03.31"]
[SourceQuality "1"]

1. Nf3 c5 2. g3 Nc6 3. Bg2 d6 4. 0-0 g6 5. d4 cxd4 6. Nxd4 Nxd4 7. Qxd4 Nf6 8. c4 Bg7 9. Nc3 0-0 10. Qd3 a6 11. e4 Qc7 12. Be3 Be6 13. Nd5 Bxd5 14. cxd5 Rac8 15. Rac1 Qa5 16. a3 Ng4 17. Bd2 Qb6 18. Qe2 h5 19. h3 Ne5 20. Bc3 Rc7 21. Rc2 Rfc8 22. Rcc1 Nc4 23. Bxg7 Kxg7 24. Rc2 Na5 25. Rfc1 Nb3 26. Rxc7 Nxc1 27. Rxc1 Rxc1+ 28. Kh2 Qb3 29. g4 Rc2 30. Qd1 hxg4 31. Qd4+ Kh7 32. e5 Qxb2 33. Qxg4 Rxf2 34. e6 Rxg2+ 35. Qxg2 Qxg2+ 36. Kxg2 0-1